Psicología del arte / (Record no. 125549)

MARC details
000 -LEADER
campo de control de longitud fija 00738nam a2200229 i 4500
001 - NÚMERO DE CONTROL
campo de control 125549
003 - IDENTIFICADOR DE NÚMERO DE CONTROL
campo de control ES-MaACL
005 - FECHA Y HORA DE LA ÚLTIMA TRANSACCIÓN
campo de control 20250815150457.0
007 - CAMPO FIJO DE DESCRIPCIÓN FÍSICA--INFORMACIÓN GENERAL
campo de control de longitud fija t|
008 - DATOS DE LONGITUD FIJA--INFORMACIÓN GENERAL
campo de control de longitud fija 070619s1972 sp ||||1| spa d
100 1# - ENTRADA PRINCIPAL--NOMBRE DE PERSONA
Nombre de persona Vygotskii, L. S.,
Fechas asociadas al nombre 1896-1934
9 (RLIN) 115788
245 10 - MENCIÓN DEL TÍTULO
Título Psicología del arte /
Mención de responsabilidad, etc. [traducción del ruso de Victoriano Imbert].
260 ## - PUBLICACIÓN, DISTRIBUCIÓN, ETC.
Lugar de publicación, distribución, etc. Barcelona :
Nombre del editor, distribuidor, etc. Barral,
Fecha de publicación, distribución, etc. 1972.
300 ## - DESCRIPCIÓN FÍSICA
Extensión 527 p. ;
Dimensiones 24 cm.
490 1# - MENCIÓN DE SERIE
Mención de serie Breve biblioteca de reforma ;
Designación de volumen o secuencia 6
650 #7 - PUNTO DE ACCESO ADICIONAL DE MATERIA--TÉRMINO DE MATERIA
Término de materia o nombre geográfico como elemento de entrada Estética marxista
Fuente del encabezamiento o término embne
9 (RLIN) 12547
650 14 - PUNTO DE ACCESO ADICIONAL DE MATERIA--TÉRMINO DE MATERIA
Término de materia o nombre geográfico como elemento de entrada Arte-
Subdivisión general Psicología.
9 (RLIN) 10128
700 1# - ENTRADA AGREGADA--NOMBRE PERSONAL
Nombre de persona Imbert, Victoriano.
9 (RLIN) 65215
830 0# - PUNTO DE ACCESO ADICIONAL DE SERIE-TÍTULO UNIFORME
Título uniforme Breve biblioteca de reforma
Designación de volumen o secuencia 6
9 (RLIN) 186650
852 ## - LOCALIZACIÓN
Ubicación ES-MaACL
Número de control de estantería C-43129
Sublocalización o colección R.82027
Holdings
Estatus retirado Estado de pérdida Estado de daño No para préstamo Biblioteca de origen Biblioteca actual Ubicación en estantería Fecha de adquisición Fuente de adquisición Total de préstamos Signatura topográfica completa Código de barras Visto por última vez Precio de reemplazo Tipo de ítem Koha
        Biblioteca del Ateneo de Madrid Biblioteca del Ateneo de Madrid Depósito 2 17/01/2008     C-43129 1130788 23/02/2023 23/02/2023 Libro impreso